[Event "Langenhagen Summer op 1st"]
[Site "Langenhagen"]
[Date "2019.07.04"]
[Round "2"]
[White "Leppert, Hans Juergen"]
[Black "Heimbrodt, Birk"]
[Result "1-0"]
[WhiteElo "1788"]
[BlackElo "1658"]
[PlyCount "89"]
[EventDate "2019.07.04"]
[EventType "swiss"]
[EventRounds "7"]
[EventCountry "GER"]
[SourceTitle "EXT 2020"]
[Source "ChessBase"]
[SourceDate "2019.10.17"]
[SourceVersion "1"]
[SourceVersionDate "2019.10.17"]
[SourceQuality "1"]

1. c4 e5 2. Nc3 Nf6 3. Nf3 Nc6 4. e3 Bb4 5. Qc2 0-0 6. Nd5 d6 7. a3 Bc5 8. b4 Bb6 9. Nxb6 axb6 10. Bb2 Bg4 11. Be2 Bh5 12. 0-0 e4 13. Bxf6 Qxf6 14. Qxe4 Bg6 15. Qh4 Qb2 16. b5 Ne5 17. Qd4 Qxd4 18. Nxd4 Bd3 19. Bxd3 Nxd3 20. Rfb1 Ra4 21. Rb3 Nc5 22. Rb4 Ra7 23. f3 Rfa8 24. Nc2 Nd3 25. Rb3 Nc5 26. Rc3 Ra4 27. d4 Ne6 28. Rb1 f5 29. Rbb3 f4 30. e4 Kf7 31. Kf1 Ke7 32. Ke2 Kd7 33. Kd3 Re8 34. Nb4 c5 35. Nd5 cxd4 36. Nxb6+ Ke7 37. Nxa4 dxc3 38. Rxc3 Ra8 39. Nb6 Nc5+ 40. Kd4 Ne6+ 41. Kd3 Nc5+ 42. Kc2 Ra5 43. Nd5+ Ke6 44. Nxf4+ Ke5 45. Nd3+ 1-0

[Event "Berlin-ch QT"]
[Site "Berlin"]
[Date "2013.03.31"]
[Round "2"]
[White "Hintze, Peter"]
[Black "Heimbrodt, Birk"]
[Result "1-0"]
[WhiteElo "2049"]
[BlackElo "1827"]
[PlyCount "61"]
[EventDate "2013.03.30"]
[EventType "swiss"]
[EventRounds "9"]
[EventCountry "GER"]
[SourceTitle "EXT 2023"]
[Source "ChessBase"]
[SourceDate "2022.10.05"]
[SourceVersion "1"]
[SourceVersionDate "2022.10.05"]
[SourceQuality "1"]

1. e4 d5 2. exd5 Qxd5 3. Nc3 Qa5 4. d4 Nf6 5. Nf3 Bf5 6. Bd3 Bxd3 7. Qxd3 c6 8. 0-0 e6 9. Bf4 Be7 10. Rfe1 Nbd7 11. Ne5 0-0 12. Nxd7 Nxd7 13. d5 Nc5 14. Qg3 cxd5 15. Nxd5 exd5 16. Rxe7 Rfe8 17. Be5 g6 18. Bc3 Qd8 19. Qe5 f6 20. Rxe8+ Qxe8 21. Qxf6 Qf8 22. Qh8+ Kf7 23. Qxh7+ Ke6 24. Qxg6+ Kd7 25. Bb4 Rc8 26. Rd1 Rc6 27. Rxd5+ Kc7 28. Qg3+ Kc8 29. Rxc5 Rxc5 30. Bxc5 Qxc5 31. Qc3 1-0

[Event "Berlin-ch qualification"]
[Site "Berlin-Lichtenrade"]
[Date "2012.04.12"]
[Round "7.18"]
[White "Huels, Marco"]
[Black "Heimbrodt, Birk"]
[Result "1-0"]
[WhiteElo "2058"]
[BlackElo "1785"]
[PlyCount "65"]
[EventDate "2012.04.08"]
[EventType "swiss"]
[EventRounds "9"]
[EventCountry "GER"]
[SourceTitle "EXT 2022"]
[Source "ChessBase"]
[SourceDate "2021.10.06"]
[SourceVersion "1"]
[SourceVersionDate "2021.10.06"]
[SourceQuality "1"]

1. e4 d5 2. exd5 Qxd5 3. Nc3 Qa5 4. d4 Nf6 5. Bd3 Bg4 6. Nge2 g6 7. f3 Bd7 8. 0-0 Bg7 9. Be3 0-0 10. a3 Nd5 11. Nxd5 Qxd5 12. c4 Qa5 13. b4 Qh5 14. Qd2 e5 15. Be4 exd4 16. Bxd4 Bxd4+ 17. Qxd4 c6 18. Rad1 Be6 19. Nf4 Qg5 20. Nxe6 fxe6 21. Rfe1 Na6 22. Qd7 Rad8 23. Qxe6+ Kh8 24. Rd7 Rde8 25. Qh3 h6 26. Rxb7 Qd2 27. Qh4 Rd8 28. Qf2 Qg5 29. Qb2+ Rf6 30. Bxc6 Nc5 31. bxc5 Qxc5+ 32. Kh1 Qxc6 33. Rf7 1-0

[Event "Berlin Eckbauer op 11th"]
[Site "Berlin"]
[Date "2008.09.22"]
[Round "3.13"]
[White "Busch, Klaus1111"]
[Black "Heimbrodt, Birk"]
[Result "1/2-1/2"]
[WhiteElo "1800"]
[BlackElo "1611"]
[PlyCount "46"]
[EventDate "2008.09.08"]
[EventType "swiss"]
[EventRounds "6"]
[EventCountry "GER"]
[SourceTitle "EXT 2022"]
[Source "ChessBase"]
[SourceDate "2021.10.06"]
[SourceVersion "1"]
[SourceVersionDate "2021.10.06"]
[SourceQuality "1"]

1. d4 d5 2. Nf3 Nf6 3. g3 Bg4 4. Ne5 Bh5 5. Bg2 Nbd7 6. 0-0 e6 7. Nd2 Nxe5 8. dxe5 Nd7 9. f4 Bc5+ 10. Kh1 0-0 11. Nf3 c6 12. Qd3 Bg6 13. Qb3 Qb6 14. Bd2 Qxb3 15. cxb3 Rac8 16. Rac1 Be7 17. Nh4 Rfd8 18. Nxg6 hxg6 19. Rfd1 Rc7 20. e4 dxe4 21. Be3 Nb6 22. Rxd8+ Bxd8 23. Bxb6 axb6 1/2-1/2